00943cam a2200265 a 4500999001500000001000800015003000400023005001700027008004100044010001700085020002200102040001800124050002500142082001500167100003000182245013400212246004200346260004800388300002900436650002200465650001900487906004500506942001200551952011400563 c9389d93893980996OSt20210113145238.0951016s1996 miua 000 0 eng  a 95044540  a0800755790 (pbk.) aDLCcDLCdDLC00aHQ755.85b.B479 199600a649/.12201 aBerry, Richard L.,d1950-10aHaven't we gone through this before? :bbreaking out of those parent-child ruts /cRichard L. Berry ; foreword by Vernon Grounds.3 aHave not we gone through this before? aGrand Rapids, Mich. :bF.H. Revell,cc1996. a212 p. :bill. ;c22 cm. 0aParent and child. 0aChild rearing. a7bcbccorignewd1eocipf19gy-gencatlg 2ddccBK 00102ddc40708NFICaHMCbHMCcGENd2021-01-21l0o649.1 B534Hp010718r2021-01-21 00:00:00w2021-01-21yBK